000 00303nam a22001337a 4500
008 170612b xxu||||| |||| 00| 0 eng d
020 _a36668
041 _aeng
080 _a32
100 _a19
101 _aSHP
245 _aTHE SUPREME COURT IN THE POLITICAL PROCESS
_cKRISLOV, S
942 _2udc
_cBK
999 _c16866
_d16866